[Event "Porto Alegre op"]
[Site "Porto Alegre"]
[Date "2012.09.08"]
[Round "5"]
[White "Stapenhorst, Matheus Frederico"]
[Black "Mendes Baldini, Andre"]
[Result "1/2-1/2"]
[WhiteElo "1800"]
[BlackElo "1800"]
[PlyCount "49"]
[EventDate "2012.09.06"]
[EventType "swiss"]
[EventRounds "7"]
[EventCountry "BRA"]
[SourceTitle "CBM 150 Extra"]
[Source "ChessBase"]
[SourceDate "2012.10.19"]
[SourceVersion "1"]
[SourceVersionDate "2012.10.19"]
[SourceQuality "1"]

1. e4 c6 2. d4 d5 3. exd5 cxd5 4. Bd3 Nf6 5. Bf4 Nc6 6. c3 Bg4 7. Nf3 e6 8. 0-0 Bd6 9. Bxd6 Qxd6 10. Nbd2 0-0 11. Qe1 Bxf3 12. Nxf3 Rfe8 13. Ne5 Qc7 14. f4 Nd7 15. Qh4 f5 16. Nf3 Qd8 17. Qg3 Nf6 18. Kh1 Nh5 19. Qh4 Qxh4 20. Nxh4 Nf6 21. Nf3 a6 22. Rad1 Rad8 23. Rfe1 Ne4 24. Bxe4 fxe4 25. Ne5 1/2-1/2